000 00389nam a22001697a 4500
003 OSt
008 210814b ||||| |||| 00| 0 eng d
020 _a9788183858724
082 _a294.59212
_bTUR
100 G _aRAM, Tulsi
245 _aRG Veda: Vol-1
250 _aEd
260 _aDelhi
_bArsh Sahitya Prachar Trust
_c2013
300 _a1330
650 _aReligious
942 _2ddc
_cBK
999 _c10948
_d10948